Best Soccer Player From (Almost) Every Country Quiz - Statistics

General Stats
  • This quiz has been taken 3,153 times
    546 since last reset
  • The average score is 57 of 145
Answers on the Map
Answers color-coded by a green-red scale on the quiz's map according to % correct below.
 
Answer Stats
# Player Place of Birth Current Team Country % Correct
91 Kylian Mbappé Paris Real Madrid France
100%
91 Mohamed Salah Nagrig Liverpool Egypt
97%
90 Jude Bellingham Stourbridge Real Madrid United Kingdom
96%
89 Alisson | Raphinha | Vini Jr. Novo Hamburgo | Porto Alegre | São Gonçalo Liverpool | Barcelona | Real Madrid Brazil
95%
90 Virgil van Dijk Breda Liverpool Netherlands
95%
90 Erling Haaland* Leeds (UK) Manchester City Norway
95%
90 Rodri Madrid Manchester City Spain
95%
89 Thibaut Courtois Bree Real Madrid Belgium
94%
89 Gianluigi Donnarumma Castellammare di Stabia Manchester City Italy
94%
89 Joshua Kimmich | Florian Wirtz Rottweil | Pulheim Bayern Munich | Liverpool Germany
93%
89 Achraf Hakimi* Madrid (Spain) PSG Morocco
93%
88 Robert Lewandowski Warsaw Barcelona Poland
93%
88 Lautaro Martínez Bahía Blanca Inter Milan Argentina
92%
89 Federico Valverde Montevideo Real Madrid Uruguay
92%
89 Vitinha Vila das Aves PSG Portugal
90%
88 Alexander Isak Solna Liverpool Sweden
90%
88 Jan Oblak Škofja Loka Atlético Madrid Slovenia
87%
87 Khvicha Kvaratskhelia Tbilisi PSG Georgia
85%
85 Son Heung-min Chuncheon LAFC South Korea
85%
87 Victor Osimhen Lagos Galatasaray Nigeria
84%
85 Luis Díaz Barrancas Bayern Munich Colombia
83%
84 Christian Pulisic Hershey AC Milan United States
83%
84 Alphonso Davies* Buduburam (Ghana) Bayern Munich Canada
81%
84 Joško Gvardiol Zagreb Manchester City Croatia
81%
87 Moisés Caicedo Santo Domingo Chelsea Ecuador
80%
87 Yann Sommer Morges Inter Milan Switzerland
80%
86 Hakan Çalhanoğlu* Mannheim (Germany) Inter Milan Turkey
80%
84 Riyad Mahrez* Sarcelles (France) Al-Ahli Algeria
79%
83 Sadio Mané Bambali Al Nassr Senegal
79%
85 Péter Gulácsi Budapest RB Leipzig Hungary
77%
82 David Alaba | Konrad Laimer Vienna | Real Madrid | Bayern Munich Austria
76%
85 Patrik Schick Prague Bayer Leverkusen Czech Republic
75%
84 Sergej Milinković-Savić* Lleida (Spain) Al Hilal Serbia
75%
83 Artem Dovbyk Cherkasy Roma Ukraine
74%
82 Ritsu Doan | Takefusa Kubo | Kaoru Mitoma Amagasaki | Kawasaki | Hita Eintracht Frankfurt | Real Sociedad | Brighton & Hove Albion Japan
73%
83 Henrikh Mkhitaryan Yerevan Inter Milan Armenia
72%
82 Salem Al-Dawsari Wadi ad-Dawasir Al Hilal Saudi Arabia
72%
82 Chris Wood Auckland Nottingham Forest New Zealand
71%
81 Edin Džeko Sarajevo Fiorentina Bosnia and Herzegovina
70%
85 Bryan Mbeumo* Avallon (France) Manchester United Cameroon
70%
81 Pierre-Emerick Aubameyang* Laval (France) Marseille Gabon
69%
83 Thomas Partey | Iñaki Williams* Krobo Odumase | Bilbao (Spain) Villarreal | Athletic Bilbao Ghana
68%
83 Morten Hjulmand Kastrup Sporting CP Denmark
67%
82 Vangelis Pavlidis Thessaloniki Benfica Greece
67%
83 Dávia Hancko | Stanislav Lobotka Prievidza | Trenčín Atlético Madrid | Napoli Slovakia
64%
79 Leon Bailey Kingston Roma Jamaica
61%
83 Amir Rrahmani Pristina Napoli Kosovo
58%
87 Serhou Guirassy* Arles (France) Borussia Dortmund Guinea
57%
79 Nathan Collins | Caoimhín Kelleher Leixlip | Cork Brentford | Liverpool Ireland
57%
81 Lukáš Hrádecký* Bratislava (Slovakia*) Monaco Finland
54%
79 Albert Guðmundsson Reykjavík Fiorentina Iceland
54%
79 Aleksandr Golovin Kaltan Monaco Russia
54%
81 Edmond Tapsoba Ouagadougou Bayer Leverkusen Burkina Faso
50%
82 Yoane Wissa* Épinay-sous-Sénart (France) Newcastle United Democratic Republic of the Congo
46%
78 Mehdi Taremi Bushehr Olympiacos Iran
45%
77 Abdukodir Khusanov Tashkent Manchester City Uzbekistan
44%
81 Yangel Herrera La Guaira Real Sociedad Venezuela
42%
78 Adam Marušić* | Stefan Savić Belgrade (Serbia*) | Mojkovac Lazio | Trabzonspor Montenegro
41%
79 Andrei Rațiu Aiud Rayo Vallecano Romania
40%
75 Jackson Irvine Melbourne FC St. Pauli Australia
39%
79 Berat Djimsiti* Zurich (Switzerland) Atalanta Albania
37%
81 Evan Ndicka* Paris (France) Roma Ivory Coast
37%
78 Ali Al-Musrati Tripoli Hellas Verona Libya
36%
76 Amir Murillo Panama City Marseille Panama
35%
80 Ellyes Skhiri* Lunel (France) Eintracht Frankfurt Tunisia
35%
79 Reinildo Beira Sunderland Mozambique
34%
79 Stole Dimitrievski Kumanovo Valencia North Macedonia
33%
80 Julián Quiñones* Magüí Payán (Colombia) Al-Qadsiah Mexico
32%
78 Geoffrey Kondogbia* Nemours (France) Marseille Central African Republic
31%
79 Hamari Traoré Bamako Paris FC Mali
29%
75 Junior Firpo | Pablo Rosario* Santo Domingo | Amsterdam (Netherlands) Betis | Porto Dominican Republic
28%
77 Manor Solomon Kfar Saba Villarreal Israel
28%
72 Ali Adnan Baghdad - Iraq
27%
78 Oscar Dorley Monrovia Slavia Prague Liberia
27%
77 Kévin Denkey | Dakonam Djené | Kodjo Fo-Doh Laba Lomé | Dapaong | Lomé FC Cincinnati | Getafe | Al Ain Togo
25%
67 Iker Álvarez Andorra la Vella Córdoba Andorra
23%
72 Stelios Andreou | Grigoris Kastanos | Konstantinos Laifis Nicosia | Paralimni | Paralimni Widzew Łódź | Hellas Verona | APOEL Cyprus
23%
78 Musa Barrow Kanifing Estate Al Taawoun Gambia
23%
79 Kaku* Ciudadela (Argentina) Al Ain Paraguay
23%
75 Yazan Al-Arab | Musa Al-Tamari Russeifa | Amman FC Seoul | Montpellier Jordan
22%
58 Fabio Luque-Notaro Vaduz Schweinfurt 05 Liechtenstein
22%
76 Marshall Munetsi Harare Wolverhampton Wanderers Zimbabwe
22%
77 Gabriel Arias* Neuquén (Argentina) Racing Club Chile
21%
71 Sai Erjiniao* | Wu Lei Monte Aprazível (Brazil) | Nanjing Beijing Guoan | Shanghai Port China
21%
66 Christian Joel Sánchez Havana Sporting Gijón Cuba
21%
75 Sheraldo Becker* Amsterdam (Netherlands) Osasuna Suriname
20%
72 Hamza Choudhury* Loughborough (UK) Leicester City Bangladesh
19%
73 Karl Hein Põlva Werder Bremen Estonia
19%
72 Ally Samatta Dar es Salaam Le Havre Tanzania
19%
72 Carlos Lampe | Guillermo Viscarra Santa Cruz de la Sierra Bolívar | Alianza Lima Bolivia
18%
77 Leandro Barreiro Erpeldange Benfica Luxembourg
18%
75 Luis Advíncula Chincha Boca Juniors Peru
18%
68 Subhasish Bose | Sunil Chhetri Kolkata | Secunderabad Mohun Bagan | Bengaluru India
17%
78 Emil Audero Mataram Cremonese Indonesia
17%
72 Abdulai Juma Bah Freetown Nice Sierra Leone
17%
77 Clinton Mata* Verviers (Belgium) Lyon Angola
16%
77 Kiril Despodov Kresna PAOK Bulgaria
16%
77 Youssouf Ndayishimiye Bujumbura Nice Burundi
16%
70 Shakhruddin Magomedaliyev* Makhachkala (Russia) Qarabağ Azerbaijan
15%
76 Beto* Lisbon (Portugal) Everton Guinea-Bissau
15%
75 Teddy Teuma* Toulon (France) Reims Malta
15%
64 Samuel Gueulette Kigali Samuel Gueulette Rwanda
13%
69 Herbert Bockhorn Kampala 1. FC Magdeburg Uganda
13%
72 Frantzdy Pierrot Cap-Haïtien AEK Athens Haiti
12%
70 Edgaras Utkus Radviliškis Cercle Brugge Lithuania
12%
77 Logan Costa* Saint-Denis (France) Villarreal Cape Verde
11%
76 Saúl Coco* Lanzarote (Spain) Torino Equatorial Guinea
11%
63 Thierry Gale Bridgetown Bolton Wanderers Barbados
10%
69 Ilya Shkurin Vitebsk GKS Katowice Belarus
10%
75 Aboubakary Koïta* Pikine (Senegal) AEK Athens Mauritania
9%
66 Virgiliu Postolachi Edineț Universitatea Cluj Moldova
9%
73 Steve Mounié Parakou FC Augsburg Benin
8%
69 Rahim Alhassane* Abuja (Nigeria) Oviedo Niger
8%
75 Fashion Sakala Chipata Al-Fayha Zambia
8%
73 Kervin Arriaga | Romell Quioto Puerto Cortés | Balfate Levante | Al-Najma Honduras
7%
72 Tim Chow* Wigan (UK) Chengdu Rongcheng Taiwan
7%
73 Erik* Quaraí (Brazil) Al Ain United Arab Emirates
7%
69 Shandon Baptiste* Reading (UK) Luton Town Grenada
6%
71 Aarón Herrera* Las Cruces (USA) D.C. United Guatemala
6%
73 Marius Mouandilmadji Doba Samsunspor Chad
5%
70 Alex Roldán* Artesia (USA) Seattle Sounders FC El Salvador
5%
73 Joseph Okumu Kisumu Reims Kenya
5%
72 Cebrail Makreckis* Aachen (Germany) Ferencvárosi TC Latvia
5%
73 Siyabonga Ngezana Sebokeng FCSB South Africa
5%
71 Patrick Gilmar Sequeira Limón Casa Pia Costa Rica
4%
73 Antoine Makoumbou* Paris (France) Samsunspor Republic of the Congo
4%
60 Maziar Kouhyar Badakhshan Province Notts County Afghanistan
3%
71 Isaiah Jones* Lambeth (UK) Luton Town Guyana
3%
72 Loïc Lapoussin* Rosny-sous-Bois (France) Sint Truiden Madagascar
3%
62 Charles Petro Blantyre Botoșani Malawi
3%
73 Facundo Garcés* Santa Fe (Argentina) Alavés Malaysia
3%
67 Ryan Nyambe Katima Mulilo Derby County Namibia
3%
69 Abdullah Iqbal* Copenhagen (Denmark) Mjällby Pakistan
3%
71 Aiham Ousou* Mölndal (Sweden) Charleroi Syria
3%
62 Khusrav Toirov Danghara Chornomorets Odesa Tajikistan
3%
68 Brian Kaltak Erakor Perth Glory Vanuatu
3%
72 Raphael Obermair* Prien am Chiemsee (Germany) Paderborn 07 Philippines
2%
64 Ethan Bristow* | Jay Williams* Maidenhead (UK) | Northampton (UK) Tranmere Rovers | Crawley Town Saint Kitts and Nevis
2%
66 Chris Forino* | Reeco Hackett* Islington (UK) | Redbridge (UK) Bolton Wanderers | Lincoln City Saint Lucia
2%
67 Claudio Kammerknecht* Emmendingen (Germany) Dynamo Dresden Sri Lanka
2%
65 Luther James-Wildin* Leicester (UK) Stevenage Antigua and Barbuda
1%
64 Husseyn Chakroun* Hanover (Germany) Hannover 96 Lebanon
1%
63 Bilal Njie* Oslo (Norway) KFUM Somalia
1%
63 Nicholas Mickelson* Skien (Norway) SV Elversberg Thailand
1%
66 Daniel Phillips* Enfield (UK) Stevenage Trinidad and Tobago
1%
No matching quizzes found
Score Distribution
Percent of People with Each Score
Percentile by Number Answered
Your Score History
You have not taken this quiz since the last reset